000 00529nam a2200169Ia 4500
008 090201s9999 xx 000 0 und d
010 _aKPL-47358
040 _bमराठी
041 _aमराठी
082 _a30861
_b47358
100 _aयशवंत पाठक
245 _aमातीचं देणं
_cयशवंत पाठक
260 _c2004
_bमॅजेस्टिक प्रकाशन
300 _a180
_bमोठा
600 _aमातीचं देणं
942 _cBOOK
999 _c229385
_d229385